000 00293nam a22001217a 4500
020 _a0-408-00097-X
082 _a621.89 PUG"F
100 _aPUGH, B
_944838
245 _aFRICTION AND WEAR A TRIBOLOGY TEXT FOR STUDENTS
260 _aLONDON
_bBUTTERWORTH
_c1973
300 _a206P
942 _cBK
999 _c583997
_d583997